000 00517cam a22002174a 4500
005 20250605164243.0
008 250528s ||||||||||||||||||||||||d
035 _a21388
020 _a978304319657
040 _aGR-AtMCL
_bgre
_dGR-AtMCL
_eAACR2
245 1 _aSTRATEGIC DECISION MAKING
250 _a1
260 _bCassell,
_c1992
300 _a246
700 1 _aGore Chris
_94252
700 1 _aMurray Kate
_94253
700 1 _aRichardson Chris
_97434
942 _cBK
999 _c6451
_d6451